| 000 | 00546nam a2200205 a 4500 | ||
|---|---|---|---|
| 001 | 17245 | ||
| 003 | CO-ViMGA | ||
| 008 | 141112s2004 ck r 000 u spa d | ||
| 020 | _a9584203118 | ||
| 040 |
_aCO-ViMGA _bspa _cCO-ViMGA |
||
| 082 | 0 | 4 | _aCo863.44 G151i |
| 100 | 1 |
_aGamboa, Santiago _924516 |
|
| 245 | 1 | 0 | _aLos impostores |
| 260 |
_aBogotá, _cPlaneta, _c2002 |
||
| 300 | _a351.p. | ||
| 590 | _aForma de adquisición : Premio - Mincultura | ||
| 650 | 1 | 4 |
_aNOVELA COLOMBIANA _91193 |
| 650 | 1 | 4 |
_aNOVELA POLICIACA _914732 |
| 942 |
_2ddc _cBK |
||
| 999 |
_c26815 _d26815 |
||